[Event "Gibtelecom Festival 2010 - Challengers"]
[Site "Gibraltar ENG"]
[Date "2010.01.29"]
[Round "4.2"]
[White "Eden, Tomer"]
[Black "Vinas Guerrero, Carlos A"]
[Result "1-0"]
[WhiteElo "2191"]
[BlackElo "2120"]
[PlyCount "131"]
[EventDate "2010.01.26"]
[EventType "swiss"]
[EventRounds "5"]
[EventCountry "ENG"]
[Source "lmi"]
[SourceDate "2010.01.26"]

1. d4 d5 2. Nf3 Nf6 3. c4 c6 4. Qc2 dxc4 5. e4 b5 6. b3 cxb3 7. axb3 e6 8. Bd2
Bb7 9. Bd3 Nbd7 10. Ba5 Qc8 11. Nbd2 Be7 12. O-O h6 13. Rfc1 O-O 14. Qb1 Qb8
15. e5 Nd5 16. b4 Kh8 17. Re1 Nf4 18. Bf1 Nd5 19. Ra3 Rg8 20. Ne4 Qf8 21. Nc5
Bc8 22. Qe4 g6 23. h4 Qg7 24. Bd3 Nf8 25. Bb1 Bd7 26. g3 Rc8 27. Nh2 Be8 28.
Qe2 Nh7 29. Qd2 Bf8 30. Nf1 h5 31. Ne3 g5 32. Nxd5 cxd5 33. Bxh7 Kxh7 34. hxg5
Qxg5 35. f4 Qg4 36. Kf2 Be7 37. Rh1 Rg6 38. Qe2 Qxe2+ 39. Kxe2 h4 40. Kf2 Kg7
41. gxh4 Rg4 42. Rg3 Rxg3 43. Kxg3 Bc6 44. h5 Kh6 45. Nd3 Bd7 46. Rc1 Rxc1 47.
Nxc1 Kxh5 48. Nd3 Be8 49. Bc7 f6 50. Bb8 a6 51. Bd6 Bd8 52. Nc5 fxe5 53. fxe5
Bh4+ 54. Kf3 Bf7 55. Nxa6 Kg6 56. Nc7 Kf5 57. Nxb5 Bh5+ 58. Ke3 Bg5+ 59. Kd3
Kf4 60. Nc7 Bg6+ 61. Kc3 Bf5 62. b5 Ke4 63. b6 Be3 64. Bc5 Bf2 65. b7 Be1+ 66.
Kb2 1-0

[Event "Gibtelecom Festival 2010 - Challengers"]
[Site "Gibraltar ENG"]
[Date "2010.01.29"]
[Round "4.3"]
[White "Wallgren, Ulf"]
[Black "Tjolsen, Katrine"]
[Result "0-1"]
[WhiteElo "2100"]
[BlackElo "2212"]
[PlyCount "98"]
[EventDate "2010.01.26"]
[EventType "swiss"]
[EventRounds "5"]
[EventCountry "ENG"]
[Source "lmi"]
[SourceDate "2010.01.26"]

1. e4 c6 2. Nf3 d5 3. exd5 cxd5 4. Ne5 Nd7 5. d4 g6 6. Bd3 Bg7 7. Qe2 Qb6 8. c3
Nh6 9. O-O Nxe5 10. dxe5 O-O 11. Be3 Qc7 12. Bd4 Bg4 13. f3 Bf5 14. Re1 Bxd3
15. Qxd3 Nf5 16. Na3 a6 17. Nc2 e6 18. f4 Rfc8 19. Ne3 Nxe3 20. Rxe3 Bf8 21.
Kf1 Qd8 22. Rd1 Qh4 23. Kg1 Qxf4 24. Rf1 Qg5 25. Ref3 Rc7 26. Rg3 Qe7 27. Rgf3
Qe8 28. h4 Bh6 29. h5 Qb5 30. Qxb5 axb5 31. hxg6 hxg6 32. a3 Bf8 33. Kf2 Bh6
34. Ke2 Kg7 35. Bb6 Rd7 36. Be3 Bxe3 37. Kxe3 Ra4 38. Rf4 Rc4 39. Kd3 Rdc7 40.
Kd2 Rxf4 41. Rxf4 Rc4 42. Rd4 f6 43. exf6+ Kxf6 44. b3 Rxd4+ 45. cxd4 e5 46.
dxe5+ Kxe5 47. Ke3 d4+ 48. Kd3 Kd5 49. g3 Ke5 0-1

[Event "Gibtelecom Festival 2010 - Challengers"]
[Site "Gibraltar ENG"]
[Date "2010.01.29"]
[Round "4.4"]
[White "Cafolla, Peter"]
[Black "Vea, Odin Blikra"]
[Result "0-1"]
[WhiteElo "2042"]
[BlackElo "2189"]
[PlyCount "82"]
[EventDate "2010.01.26"]
[EventType "swiss"]
[EventRounds "5"]
[EventCountry "ENG"]
[Source "lmi"]
[SourceDate "2010.01.26"]

1. e4 d5 2. exd5 Nf6 3. d4 Nxd5 4. c4 Nb6 5. Nc3 e5 6. Nf3 exd4 7. Qxd4 Qe7+ 8.
Be2 Nc6 9. Qf4 Be6 10. O-O O-O-O 11. Be3 f6 12. Qe4 Bxc4 13. Qg4+ Qe6 14. Nd2
Qxg4 15. Bxg4+ Kb8 16. Rfd1 Bd3 17. f4 Bb4 18. Rac1 Rhe8 19. Nf1 Nc4 20. Rxd3
Rxd3 21. Be2 Rdxe3 22. Bxc4 Bxc3 23. bxc3 Re1 24. Rc2 R8e4 25. Bd3 Rxf4 26. g3
Rf3 27. Be2 Rf5 28. Rd2 a6 29. Kg2 Rc5 30. Ne3 Rxc3 31. Nd1 Ra3 32. Kf2 Rxd1
33. Bxd1 Ne5 34. Rd8+ Ka7 35. Bb3 c5 36. Rc8 b5 37. Bd5 c4 38. Rc7+ Kb6 39.
Rxg7 Rxa2+ 40. Ke3 Kc5 41. Bg8 Rxh2 0-1

[Event "Gibtelecom Festival 2010 - Challengers"]
[Site "Gibraltar ENG"]
[Date "2010.01.29"]
[Round "4.5"]
[White "Kawuma, Steven Male"]
[Black "Hagen, Anders Gjerdrum"]
[Result "0-1"]
[WhiteElo "2187"]
[BlackElo "2108"]
[PlyCount "80"]
[EventDate "2010.01.26"]
[EventType "swiss"]
[EventRounds "5"]
[EventCountry "ENG"]
[Source "lmi"]
[SourceDate "2010.01.26"]

1. Nf3 d5 2. g3 Nf6 3. Bg2 Bf5 4. d3 e6 5. Nh4 Bg4 6. h3 Bh5 7. Nd2 Be7 8. c4
c6 9. Nhf3 Nbd7 10. O-O O-O 11. b3 Qb6 12. Bb2 a5 13. Kh2 a4 14. Ng1 e5 15.
cxd5 cxd5 16. Ngf3 Bd6 17. Rb1 axb3 18. Qxb3 Qxb3 19. axb3 Bg6 20. Nh4 Bb4 21.
Nxg6 hxg6 22. Nf3 Rfe8 23. Rfc1 Bd6 24. Kg1 Ra2 25. Kf1 e4 26. dxe4 dxe4 27.
Nd2 b5 28. Rd1 Be5 29. Bxe5 Rxe5 30. Nxe4 Nxe4 31. Bxe4 Rxe4 32. Rxd7 Rexe2 33.
Ra7 Rxf2+ 34. Kg1 Rg2+ 35. Kh1 Rh2+ 36. Kg1 Rag2+ 37. Kf1 Rxg3 38. Rb7 Rg5 39.
Re1 Rh1+ 40. Kf2 Rf5+ 0-1

[Event "Gibtelecom Festival 2010 - Challengers"]
[Site "Gibraltar ENG"]
[Date "2010.01.29"]
[Round "4.6"]
[White "Nilsen, Joachim Birger"]
[Black "Allor, Chukwuka"]
[Result "1-0"]
[WhiteElo "2152"]
[BlackElo "2100"]
[PlyCount "69"]
[EventDate "2010.01.26"]
[EventType "swiss"]
[EventRounds "5"]
[EventCountry "ENG"]
[Source "lmi"]
[SourceDate "2010.01.26"]

1. d4 Nf6 2. c4 g6 3. f3 d5 4. cxd5 Nxd5 5. e4 Nb6 6. Nc3 Bg7 7. Be3 O-O 8. Qd2
Nc6 9. Rd1 e5 10. d5 Nd4 11. Nb5 f5 12. Nxd4 exd4 13. Bxd4 fxe4 14. Bxg7 Kxg7
15. Qd4+ Kg8 16. fxe4 Qh4+ 17. g3 Qe7 18. Bg2 Bg4 19. Rd2 Rad8 20. Ne2 Bxe2 21.
Rxe2 c6 22. Bh3 Rfe8 23. O-O cxd5 24. e5 Rf8 25. Ref2 Rxf2 26. Rxf2 Re8 27. Re2
Kg7 28. a4 Rd8 29. b3 Kg8 30. a5 Nc8 31. Rf2 b6 32. e6 Qc5 33. Qxc5 bxc5 34. e7
Re8 35. Be6+ 1-0

[Event "Gibtelecom Festival 2010 - Challengers"]
[Site "Gibraltar ENG"]
[Date "2010.01.29"]
[Round "4.7"]
[White "Lyell, Mark"]
[Black "Ungureanu, Sandu"]
[Result "0-1"]
[WhiteElo "2224"]
[BlackElo "2100"]
[PlyCount "157"]
[EventDate "2010.01.26"]
[EventType "swiss"]
[EventRounds "5"]
[EventCountry "ENG"]
[Source "lmi"]
[SourceDate "2010.01.26"]

1. e4 c5 2. Nc3 g6 3. f4 Bg7 4. Nf3 Nc6 5. Bb5 d6 6. Bxc6+ bxc6 7. O-O Nf6 8.
d3 O-O 9. Qe1 Qb6 10. Kh1 Nd7 11. b3 e5 12. Bb2 exf4 13. Qh4 Ne5 14. Qxf4 Nxf3
15. Na4 Qd8 16. Bxg7 Kxg7 17. Rxf3 Qe7 18. Re1 f6 19. Qd2 Be6 20. Qc3 Rf7 21.
Ref1 Raf8 22. Nb2 Kg8 23. Kg1 f5 24. e5 Bd5 25. exd6 Qxd6 26. R3f2 f4 27. Nc4
Qe7 28. Re1 Qh4 29. Ne5 Rf5 30. Nf3 Qd8 31. Re5 Qf6 32. Qe1 g5 33. Rxf5 Qxf5
34. Re2 g4 35. Re5 Qf6 36. Rg5+ Kh8 37. Rxg4 Bxf3 38. gxf3 Rg8 39. h3 Qb2 40.
Qd2 Rxg4+ 41. hxg4 Kg8 42. a4 Qe5 43. Kf1 Kf7 44. Qe2 Qb2 45. Kg2 Qc1 46. Qf2
Qa3 47. Qd2 Qb4 48. Qxb4 cxb4 49. Kh3 Kg6 50. Kh4 c5 51. g5 Kf5 52. Kh5 Ke5 53.
Kg4 Kd4 54. Kxf4 Kc3 55. Ke4 Kxc2 56. f4 Kxb3 57. f5 Kxa4 58. f6 b3 59. f7 b2
60. f8=Q b1=Q 61. Qe8+ Qb5 62. Qf7 Qc6+ 63. Ke5 Qg6 64. Qxa7+ Kb4 65. Qb7+ Kc3
66. Qe7 Kxd3 67. Qd7+ Kc3 68. Qe7 c4 69. Qa3+ Kc2 70. Qa2+ Kd3 71. Qb1+ Kd2 72.
Qb2+ Qc2 73. Qd4+ Qd3 74. Qb2+ Kd1 75. Qa1+ Ke2 76. Qb2+ Kf3 77. Qb7+ Kg3 78.
Qh1 Kg4 79. Qc1 0-1

[Event "Gibtelecom Festival 2010 - Challengers"]
[Site "Gibraltar ENG"]
[Date "2010.01.29"]
[Round "4.8"]
[White "Rioseco Pinochet, Fernan"]
[Black "Flermoen, Peter"]
[Result "0-1"]
[WhiteElo "2226"]
[BlackElo "2108"]
[PlyCount "110"]
[EventDate "2010.01.26"]
[EventType "swiss"]
[EventRounds "5"]
[EventCountry "ENG"]
[Source "lmi"]
[SourceDate "2010.01.26"]

1. e4 c5 2. Nf3 Nc6 3. Bb5 g6 4. O-O Bg7 5. Re1 Nd4 6. Bf1 e6 7. c3 Nxf3+ 8.
Qxf3 Ne7 9. d4 cxd4 10. cxd4 d5 11. Nc3 O-O 12. Bg5 h6 13. Bf4 dxe4 14. Nxe4
Nc6 15. Rad1 Qa5 16. Bd6 Rd8 17. b4 Qd5 18. Bc7 Rd7 19. Qg3 b6 20. h4 Nxd4 21.
Bf4 Kh7 22. Nc3 Qh5 23. Qh3 Nf3+ 24. gxf3 Bxc3 25. Rxd7 Bxd7 26. Rc1 Be5 27.
Qg3 Bf6 28. Rc7 Be8 29. Bc4 g5 30. Be5 Bd8 31. Rb7 Bc6 32. Bd3+ Kg8 33. hxg5
hxg5 34. Rb8 Rxb8 35. Bxb8 Bxf3 36. Qh2 Qg4+ 37. Bg3 Be4 38. Bf1 Bc7 39. Bh3
Qd1+ 40. Bf1 Bd3 41. Qh3 g4 42. Qg2 Bxg3 43. fxg3 Qxf1+ 44. Qxf1 Bxf1 45. Kxf1
Kf8 46. a4 Ke7 47. Ke2 Kd6 48. Kd3 Kd5 49. Ke3 e5 50. Kd3 f5 51. Ke3 Kc4 52. b5
Kb4 53. Kd3 Kxa4 54. Kc4 f4 55. gxf4 exf4 0-1

[Event "Gibtelecom Festival 2010 - Challengers"]
[Site "Gibraltar ENG"]
[Date "2010.01.29"]
[Round "4.9"]
[White "Tscharotschkin, Michael"]
[Black "Havik, Victor"]
[Result "0-1"]
[WhiteElo "2211"]
[BlackElo "2093"]
[PlyCount "80"]
[EventDate "2010.01.26"]
[EventType "swiss"]
[EventRounds "5"]
[EventCountry "ENG"]
[Source "lmi"]
[SourceDate "2010.01.26"]

1. d4 Nf6 2. Nf3 g6 3. g3 Bg7 4. Bg2 d6 5. O-O O-O 6. c4 Na6 7. Nc3 c5 8. d5
Nc7 9. e4 a6 10. a4 Rb8 11. Qc2 b5 12. axb5 axb5 13. Nxb5 Nxb5 14. cxb5 Rxb5
15. Bd2 Qb6 16. Bc3 e6 17. Nd2 exd5 18. exd5 Bf5 19. Qa4 Bd3 20. Nc4 Bxc4 21.
Qxc4 Nd7 22. f4 Re8 23. Rfe1 Rxe1+ 24. Rxe1 Bxc3 25. Re8+ Kg7 26. bxc3 Rb1+ 27.
Bf1 Nf6 28. Re7 Rd1 29. Qe2 c4+ 30. Kg2 Nxd5 31. Qxd1 Nxe7 32. Kh3 d5 33. Qd2
Qe6+ 34. Kg2 Nf5 35. Kf2 Qb6+ 36. Kf3 Qg1 37. Qe2 h5 38. Bg2 Qxh2 39. Qe5+ Kh7
40. Qxd5 Qxg2+ 0-1

[Event "Gibtelecom Festival 2010 - Challengers"]
[Site "Gibraltar ENG"]
[Date "2010.01.29"]
[Round "4.10"]
[White "Ivanov, Stojan Emilov"]
[Black "Dasaolu, Adeoye"]
[Result "0-1"]
[WhiteElo "2198"]
[BlackElo "2068"]
[PlyCount "110"]
[EventDate "2010.01.26"]
[EventType "swiss"]
[EventRounds "5"]
[EventCountry "ENG"]
[Source "lmi"]
[SourceDate "2010.01.26"]

1. Nf3 c5 2. g3 b6 3. Bg2 Bb7 4. c4 Nf6 5. O-O e6 6. Nc3 d6 7. d4 cxd4 8. Nxd4
Bxg2 9. Kxg2 a6 10. e3 Be7 11. b3 O-O 12. Ba3 Qc7 13. Rc1 Nbd7 14. Qe2 Rfe8 15.
Rfd1 Rac8 16. h3 Bf8 17. Bb2 Qb8 18. Rd2 Nc5 19. Rcd1 Nfe4 20. Nxe4 Nxe4 21.
Rc2 Qb7 22. Kh2 b5 23. Rdc1 b4 24. Nf3 Ra8 25. Nd2 Nc5 26. Qf3 a5 27. Bd4 Qxf3
28. Nxf3 Ne4 29. Ne1 e5 30. Bb2 Nc5 31. Rd2 a4 32. Nd3 Nxd3 33. Rxd3 axb3 34.
axb3 Ra2 35. Rd2 Rea8 36. Kg2 f5 37. Rcc2 Kf7 38. g4 g6 39. Kf3 Ke6 40. Ke2 Be7
41. Rc1 fxg4 42. hxg4 h5 43. gxh5 gxh5 44. Rg1 Rh8 45. Rg6+ Kf7 46. Rg2 Rh7 47.
Bc3 Ra6 48. Bxb4 Rb6 49. Ba3 h4 50. b4 h3 51. Rh2 Ra6 52. Bb2 Ra4 53. Bc3 Ra3
54. Rc2 e4 55. Bd4 Ke6 0-1

[Event "Gibtelecom Festival 2010 - Challengers"]
[Site "Gibraltar ENG"]
[Date "2010.01.29"]
[Round "4.11"]
[White "Aerni, Andreas"]
[Black "Urbina Perez, Juan Antonio"]
[Result "1/2-1/2"]
[WhiteElo "2137"]
[BlackElo "2197"]
[PlyCount "42"]
[EventDate "2010.01.26"]
[EventType "swiss"]
[EventRounds "5"]
[EventCountry "ENG"]
[Source "lmi"]
[SourceDate "2010.01.26"]

1. d4 d5 2. c4 c6 3. Nc3 Nf6 4. Nf3 a6 5. cxd5 cxd5 6. Qb3 e6 7. Bf4 Bd6 8.
Bxd6 Qxd6 9. e3 O-O 10. Bd3 Nc6 11. O-O e5 12. dxe5 Nxe5 13. Nxe5 Qxe5 14. Be2
Be6 15. Bf3 d4 16. exd4 Qxd4 17. Rfd1 Qc5 18. Qc2 Rab8 19. a3 Rfc8 20. Rac1 h6
21. Qd3 Bc4 1/2-1/2

[Event "Gibtelecom Festival 2010 - Challengers"]
[Site "Gibraltar ENG"]
[Date "2010.01.29"]
[Round "4.12"]
[White "Straub, Peter"]
[Black "Byron, Alan M"]
[Result "1-0"]
[WhiteElo "2116"]
[BlackElo "2196"]
[PlyCount "127"]
[EventDate "2010.01.26"]
[EventType "swiss"]
[EventRounds "5"]
[EventCountry "ENG"]
[Source "lmi"]
[SourceDate "2010.01.26"]

1. d4 Nf6 2. Nf3 e6 3. c4 d5 4. g3 c6 5. Bg2 Bb4+ 6. Bd2 Bd6 7. Nc3 Nbd7 8. O-O
O-O 9. e4 dxe4 10. Ng5 Be7 11. Ngxe4 Nxe4 12. Nxe4 Nf6 13. Be3 Nxe4 14. Bxe4
Qc7 15. Rc1 Rd8 16. Qc2 g6 17. f4 c5 18. d5 exd5 19. cxd5 Bh3 20. Rfd1 Bd6 21.
Bf3 Re8 22. Qf2 Rac8 23. Re1 Bf5 24. Qg2 b6 25. Bf2 Bd7 26. b3 Qb7 27. Rxe8+
Rxe8 28. Be1 Bb5 29. Bc3 Re3 30. Qf2 Re8 31. Ba1 Qe7 32. Qb2 Qe3+ 33. Kg2 Kf8
34. Qg7+ Ke7 35. Bf6+ Kd7 36. Bg4+ Kc7 37. Qxf7+ Kb8 38. Ra1 h5 39. Be6 Rf8 40.
Qxg6 Be2 41. Qg7 Bf3+ 42. Kh3 Qe2 43. Rg1 Rxf6 44. Qxf6 Bg4+ 45. Kh4 Bxe6 46.
Qxe6 Qxh2+ 47. Kg5 Qxg1 48. Qxd6+ Kb7 49. Qc6+ Ka6 50. Qa4+ Kb7 51. Qd7+ Ka6
52. f5 Qxg3+ 53. Kf6 h4 54. d6 Qc3+ 55. Kf7 h3 56. Qa4+ Kb7 57. Qe4+ Ka6 58. d7
Qh8 59. Qc4+ Kb7 60. Qe4+ Kc7 61. Qd5 Qh5+ 62. Ke6 Qh6+ 63. f6 Qe3+ 64. Kf7 1-0

[Event "Gibtelecom Festival 2010 - Challengers"]
[Site "Gibraltar ENG"]
[Date "2010.01.29"]
[Round "4.13"]
[White "Fokin, Sergey"]
[Black "Kvisla, Johannes Luangtep"]
[Result "1/2-1/2"]
[WhiteElo "2109"]
[BlackElo "2161"]
[PlyCount "262"]
[EventDate "2010.01.26"]
[EventType "swiss"]
[EventRounds "5"]
[EventCountry "ENG"]
[Source "lmi"]
[SourceDate "2010.01.26"]

1. Nf3 Nf6 2. c4 e6 3. g3 d5 4. Bg2 dxc4 5. Qa4+ Nbd7 6. Qxc4 c5 7. O-O a6 8.
Qc2 b5 9. b3 Bb7 10. Bb2 Be7 11. d3 O-O 12. Nbd2 Rc8 13. Rac1 Qb6 14. Qb1 Rfd8
15. Qa1 Nb8 16. d4 Ne8 17. a3 Nc6 18. dxc5 Bxc5 19. b4 Be7 20. Nb3 a5 21. Nxa5
Nxa5 22. bxa5 Qxa5 23. Rxc8 Rxc8 24. Rc1 Ra8 25. Qb1 Bd5 26. Nd4 Bxg2 27. Kxg2
Bxa3 28. Bxa3 Qxa3 29. Nxb5 Qe7 30. Qe4 Rb8 31. Nd4 Qa3 32. Rb1 Rxb1 33. Qxb1
Qa8+ 34. f3 h6 35. e4 Nf6 36. Qc2 Qa1 37. Qd2 Qa4 38. Ne2 Nd7 39. Nc3 Qc6 40.
Qd4 Nb6 41. e5 Nc4 42. Kf2 Nb6 43. Qd8+ Kh7 44. Qd3+ g6 45. Qd4 Qc7 46. h4 h5
47. Ne4 Nd5 48. Nf6+ Nxf6 49. exf6 Qc2+ 50. Ke3 Qc1+ 51. Kf2 Qc2+ 52. Ke3 Qf5
53. Qd8 g5 54. hxg5 Qxg5+ 55. Kf2 h4 56. gxh4 Qxh4+ 57. Kg2 Qg5+ 58. Kf2 Qf5
59. Ke3 Kg6 60. f4 Qh3+ 61. Kf2 Kf5 62. Qa5+ Kxf4 63. Qc7+ Kf5 64. Qxf7 Qh2+
65. Kf3 Qf4+ 66. Ke2 Qe4+ 67. Kf2 Qc2+ 68. Ke3 Qc3+ 69. Ke2 Qxf6 70. Qh5+ Kf4
71. Qf3+ Kg5 72. Qg3+ Kh6 73. Qh3+ Kg6 74. Qg4+ Kf7 75. Qh5+ Ke7 76. Qc5+ Ke8
77. Qc6+ Kf8 78. Qa8+ Kf7 79. Qb7+ Kg6 80. Qa7 Qb2+ 81. Ke1 Qb1+ 82. Ke2 Qc2+
83. Ke1 Qe4+ 84. Kd2 Kf6 85. Qa1+ Kf5 86. Qa6 Qd4+ 87. Ke2 Qb2+ 88. Ke1 Qc3+
89. Ke2 e5 90. Qa2 Qc7 91. Qg8 Qc2+ 92. Ke1 Qe4+ 93. Kf2 Qf4+ 94. Ke2 Qc4+ 95.
Kf2 Qc2+ 96. Ke3 Qc5+ 97. Ke2 Qe7 98. Qc8+ Kf4 99. Qc1+ Kg4 100. Qg1+ Kf5 101.
Qf1+ Ke6 102. Qh3+ Kd5 103. Qb3+ Kc6 104. Qc4+ Kd7 105. Qd5+ Ke8 106. Qg8+ Kd7
107. Qd5+ Kc7 108. Qc4+ Kb6 109. Qb3+ Ka5 110. Qa2+ Kb4 111. Qb2+ Kc4 112. Qc2+
Kd5 113. Qb3+ Kd6 114. Qb4+ Ke6 115. Qxe7+ Kxe7 116. Ke3 Kd6 117. Ke4 Ke6 118.
Ke3 Kd5 119. Kd3 e4+ 120. Ke3 Ke5 121. Ke2 Kf4 122. Kf2 e3+ 123. Ke2 Ke4 124.
Ke1 Kd4 125. Ke2 Ke4 126. Ke1 Kf3 127. Kf1 Ke4 128. Ke2 Kd4 129. Ke1 Kd3 130.
Kd1 e2+ 131. Ke1 Ke3 1/2-1/2

[Event "Gibtelecom Festival 2010 - Challengers"]
[Site "Gibraltar ENG"]
[Date "2010.01.29"]
[Round "4.14"]
[White "Gandrud, Vegar Koi"]
[Black "Mikalsen, Erlend"]
[Result "1-0"]
[WhiteElo "2158"]
[BlackElo "1973"]
[PlyCount "71"]
[EventDate "2010.01.26"]
[EventType "swiss"]
[EventRounds "5"]
[EventCountry "ENG"]
[Source "lmi"]
[SourceDate "2010.01.26"]

1. d4 d5 2. c4 c6 3. Nf3 Nf6 4. Nc3 dxc4 5. g3 g6 6. Bg2 Bg7 7. O-O O-O 8. a4
a5 9. e3 Bf5 10. Ne5 Bd3 11. Nxd3 cxd3 12. Qxd3 e5 13. Rd1 exd4 14. exd4 Na6
15. Bf4 Nb4 16. Qd2 Nfd5 17. Bh6 Qd7 18. Bxg7 Kxg7 19. Rac1 Rfe8 20. Nxd5 cxd5
21. b3 Rac8 22. h4 Rxc1 23. Rxc1 Rc8 24. h5 Rxc1+ 25. Qxc1 h6 26. hxg6 fxg6 27.
Qc5 Qd8 28. Bh3 b6 29. Qb5 Qd6 30. Qe8 Nc6 31. Be6 h5 32. Qg8+ Kh6 33. Bxd5 Ne7
34. Qf8+ Kg5 35. Be6 Qb4 36. Qf4# 1-0

[Event "Gibtelecom Festival 2010 - Challengers"]
[Site "Gibraltar ENG"]
[Date "2010.01.29"]
[Round "4.15"]
[White "Demac, Elias"]
[Black "Molina, Antonio"]
[Result "1-0"]
[WhiteElo "2104"]
[BlackElo "2148"]
[PlyCount "125"]
[EventDate "2010.01.26"]
[EventType "swiss"]
[EventRounds "5"]
[EventCountry "ENG"]
[Source "lmi"]
[SourceDate "2010.01.26"]

1. d4 Nf6 2. c4 g6 3. Nc3 Bg7 4. e4 d6 5. Nf3 O-O 6. Be2 e5 7. d5 a5 8. h3 Na6
9. Bg5 h6 10. Be3 Bd7 11. Nd2 b6 12. g4 Ne8 13. h4 c5 14. a4 Nb4 15. Nf1 f5 16.
gxf5 gxf5 17. exf5 Bxf5 18. Rc1 Qf6 19. Ng3 Qg6 20. Kd2 Kh8 21. Rg1 Qh7 22. Qf1
Nf6 23. Nxf5 Qxf5 24. Qg2 Qh7 25. Qg6 Rg8 26. Rg2 Rad8 27. Rcg1 Qxg6 28. Rxg6
Kh7 29. Bf1 h5 30. R6g5 Bh6 31. Rxg8 Bxe3+ 32. fxe3 Rxg8 33. Rxg8 Kxg8 34. Bg2
Kg7 35. Nb5 Ne8 36. Na7 Kf6 37. Nc8 Na6 38. Nxb6 Ke7 39. Nc8+ Kd8 40. Na7 Nb8
41. Nb5 Nd7 42. Na7 Nb8 43. Bh3 Nf6 44. Bf5 Ne8 45. Ke2 Ng7 46. Bh3 Ne8 47. Kf2
Ke7 48. Kf3 Kf6 49. Bc8 Kg6 50. Nb5 Kf6 51. Nc3 Ke7 52. Ne4 Kd8 53. Be6 Ke7 54.
Nd2 Ng7 55. Bh3 Nd7 56. Bxd7 Kxd7 57. Ke4 Kc7 58. Nf1 Kd7 59. Ng3 Kc7 60. Nf5
Ne8 61. Ne7 Ng7 62. Nc6 Kb6 63. Nd8 1-0

[Event "Gibtelecom Festival 2010 - Challengers"]
[Site "Gibraltar ENG"]
[Date "2010.01.29"]
[Round "4.16"]
[White "Pettersen, Joar Gullestad"]
[Black "Daoudi, Kamal"]
[Result "1-0"]
[WhiteElo "2020"]
[BlackElo "2142"]
[PlyCount "99"]
[EventDate "2010.01.26"]
[EventType "swiss"]
[EventRounds "5"]
[EventCountry "ENG"]
[Source "lmi"]
[SourceDate "2010.01.26"]

1. d4 Nf6 2. Nf3 e6 3. c4 d5 4. g3 Be7 5. Bg2 O-O 6. O-O dxc4 7. Qc2 a6 8. Qxc4
b5 9. Qc2 Bb7 10. Bg5 Nbd7 11. Nbd2 Rc8 12. Bxf6 Nxf6 13. Nb3 Be4 14. Qc3 Nd5
15. Qc6 Qd6 16. Ne5 Bxg2 17. Kxg2 Nb4 18. Qc3 Rfd8 19. e4 f6 20. Nf3 f5 21.
Rfe1 Rf8 22. Nc5 fxe4 23. Rxe4 Qd5 24. Re5 Rxf3 25. Qxf3 Qxd4 26. Qc3 Qxc3 27.
bxc3 Bf6 28. Rxe6 Bxc3 29. Rc1 Bd4 30. Nxa6 Nxa2 31. Rxc7 Rxc7 32. Nxc7 b4 33.
Nb5 Bf6 34. Rb6 Kf7 35. Nc7 Bd4 36. Rb7 Kg6 37. f4 Bc5 38. Rb5 Bf8 39. Rb6+ Kf7
40. Nd5 g6 41. Kf3 Bc5 42. Rb5 Bd6 43. Ke4 Ke6 44. g4 Kd7 45. Kd4 Nc1 46. Nxb4
Ne2+ 47. Ke3 Nxf4 48. Kf3 Ke6 49. Rb6 Nd3 50. Nxd3 1-0

[Event "Gibtelecom Festival 2010 - Challengers"]
[Site "Gibraltar ENG"]
[Date "2010.01.29"]
[Round "4.17"]
[White "Tari, Aryan"]
[Black "Thingstad, Even"]
[Result "1-0"]
[WhiteElo "1932"]
[BlackElo "2141"]
[PlyCount "65"]
[EventDate "2010.01.26"]
[EventType "swiss"]
[EventRounds "5"]
[EventCountry "ENG"]
[Source "lmi"]
[SourceDate "2010.01.26"]

1. e4 c6 2. d4 d5 3. Nc3 dxe4 4. Nxe4 Bf5 5. Ng3 Bg6 6. h4 h6 7. Nf3 Nd7 8. h5
Bh7 9. Bd3 Bxd3 10. Qxd3 e6 11. Bf4 Qa5+ 12. Bd2 Bb4 13. c3 Be7 14. c4 Qc7 15.
O-O-O Ngf6 16. Rhe1 O-O 17. Kb1 Rfd8 18. Qe2 b5 19. cxb5 cxb5 20. Rc1 Qb7 21.
Ne5 Nd5 22. Nxf7 Kxf7 23. Qxe6+ Kf8 24. Bxh6 N7f6 25. Bxg7+ Kxg7 26. Nf5+ Kf8
27. h6 Qd7 28. h7 Qxe6 29. h8=Q+ Qg8 30. Qh6+ Kf7 31. Rc7 Rd7 32. Rxd7 Nxd7 33.
Rxe7+ 1-0

[Event "Gibtelecom Festival 2010 - Challengers"]
[Site "Gibraltar ENG"]
[Date "2010.01.29"]
[Round "4.18"]
[White "Navarro Perez, Manuel"]
[Black "Avalos Parra, Joao"]
[Result "0-1"]
[WhiteElo "2099"]
[BlackElo "2245"]
[PlyCount "109"]
[EventDate "2010.01.26"]
[EventType "swiss"]
[EventRounds "5"]
[EventCountry "ENG"]
[Source "lmi"]
[SourceDate "2010.01.26"]

1. e4 e6 2. d4 d5 3. Nc3 Bb4 4. e5 c5 5. Bd2 Ne7 6. f4 a6 7. Nf3 cxd4 8. Nxd4
Qb6 9. Nb3 Nbc6 10. Qf3 Nf5 11. Qf2 d4 12. Bd3 Ne3 13. Nxd4 Ng4 14. Qg3 Qxd4
15. Qxg4 Nxe5 16. Qe2 Nxd3+ 17. Qxd3 Qxd3 18. cxd3 Bd7 19. Ne4 Be7 20. Bc3 O-O
21. O-O Bb5 22. Rfd1 Rfd8 23. d4 Bc6 24. Nf2 f6 25. Nd3 Kf7 26. Rd2 Bd6 27. g3
h5 28. Rf1 g6 29. Ne5+ Bxe5 30. fxe5 f5 31. Bb4 Bd5 32. a3 Rac8 33. Ba5 Rg8 34.
Rdd1 g5 35. Rc1 Bc6 36. Rc3 g4 37. Rc5 h4 38. Be1 Rcd8 39. Bf2 hxg3 40. Bxg3
Rxd4 41. Rf4 Rgd8 42. Rc3 Kg6 43. b4 Rd3 44. Rfc4 Rxc3 45. Rxc3 Rd4 46. Bh4 f4
47. Be7 Rd2 48. a4 Rg2+ 49. Kf1 Rxh2 50. b5 axb5 51. axb5 Bxb5+ 52. Kg1 g3 53.
Rc8 Bc6 54. Rg8+ Kf5 55. Bh4 0-1

[Event "Gibtelecom Festival 2010 - Challengers"]
[Site "Gibraltar ENG"]
[Date "2010.01.29"]
[Round "4.19"]
[White "Mascarenhas, Alberto Pinhe"]
[Black "Jacobsen, Fredrik Beer"]
[Result "1/2-1/2"]
[WhiteElo "2238"]
[BlackElo "1952"]
[PlyCount "70"]
[EventDate "2010.01.26"]
[EventType "swiss"]
[EventRounds "5"]
[EventCountry "ENG"]
[Source "lmi"]
[SourceDate "2010.01.26"]

1. e4 e5 2. Nf3 Nc6 3. Bb5 a6 4. Bxc6 dxc6 5. O-O Bg4 6. d3 Qf6 7. Be3 Bxf3 8.
Qxf3 Qxf3 9. gxf3 Bd6 10. Nd2 f5 11. Nc4 f4 12. Bd2 Ne7 13. Rfd1 g5 14. Bc3 Ng6
15. d4 Nh4 16. Rd3 O-O-O 17. Kf1 Rhe8 18. dxe5 Bf8 19. Ke2 Bg7 20. b4 Ng6 21.
Rad1 b6 22. h3 Bh8 23. R1d2 Rxd3 24. cxd3 Nxe5 25. Nxe5 Bxe5 26. d4 Bg7 27. Kd3
Re6 28. Rd1 Rd6 29. Kc4 Kd7 30. Rg1 b5+ 31. Kd3 Rg6 32. e5 Bf8 33. Ke4 Be7 34.
Kf5 Rh6 35. Rh1 Bd8 1/2-1/2

[Event "Gibtelecom Festival 2010 - Challengers"]
[Site "Gibraltar ENG"]
[Date "2010.01.29"]
[Round "4.20"]
[White "Young, Mel J"]
[Black "Martsynovskaya, Marina"]
[Result "1/2-1/2"]
[WhiteElo "1971"]
[BlackElo "2184"]
[PlyCount "85"]
[EventDate "2010.01.26"]
[EventType "swiss"]
[EventRounds "5"]
[EventCountry "ENG"]
[Source "lmi"]
[SourceDate "2010.01.26"]

1. e4 e5 2. Bc4 Nc6 3. Nc3 h6 4. d3 g6 5. f4 exf4 6. Bxf4 d6 7. Nge2 Bg7 8. O-O
Nf6 9. Qd2 Be6 10. Nd5 Bxd5 11. exd5 Ne7 12. Rae1 Kf8 13. Nc3 Kg8 14. Rf3 Qd7
15. Bb5 c6 16. dxc6 bxc6 17. Ba4 Ned5 18. Nxd5 Nxd5 19. c3 Kh7 20. Bg3 f5 21.
Bb3 Nc7 22. Bh4 Rhe8 23. Rfe3 Rxe3 24. Rxe3 Re8 25. Qe2 Rxe3 26. Qxe3 c5 27.
Qe7 Qxe7 28. Bxe7 Be5 29. Bd8 Ne8 30. h3 Kg7 31. Kf2 Nf6 32. Bxf6+ Kxf6 33. Bd5
h5 34. Bc6 h4 35. Bd7 g5 36. Kf3 d5 37. Bc6 d4 38. c4 Bf4 39. Bd7 Ke5 40. Bc8
Bd2 41. b3 Bc1 42. Bd7 Be3 43. Bc8 1/2-1/2

[Event "Gibtelecom Festival 2010 - Challengers"]
[Site "Gibraltar ENG"]
[Date "2010.01.29"]
[Round "4.21"]
[White "Zanetti, Bruno"]
[Black "Fegan, Chris"]
[Result "1-0"]
[WhiteElo "1978"]
[BlackElo "2093"]
[PlyCount "57"]
[EventDate "2010.01.26"]
[EventType "swiss"]
[EventRounds "5"]
[EventCountry "ENG"]
[Source "lmi"]
[SourceDate "2010.01.26"]

1. d4 g6 2. c4 Bg7 3. Nc3 d6 4. e4 a6 5. Be3 Nd7 6. Qd2 e5 7. d5 b6 8. g4 Nc5
9. f3 h5 10. g5 f5 11. gxf6 Qxf6 12. O-O-O Bh6 13. b4 Nb7 14. h4 a5 15. Nb5
Bxe3 16. Qxe3 Qg7 17. a3 Nd8 18. c5 bxc5 19. bxc5 Nb7 20. cxd6 Nxd6 21. Qc5
Nxb5 22. Qc6+ Bd7 23. Qxa8+ Kf7 24. Bxb5 Bxb5 25. Qxa5 Bd7 26. Nh3 Nf6 27. Ng5+
Ke7 28. Qc5+ Kd8 29. d6 1-0